| 000 | 00676nam a22001817a 4500 | ||
|---|---|---|---|
| 005 | 20251108164016.0 | ||
| 008 | 250721s9999 xx 000 0 ara d | ||
| 082 | 1 | 4 | _a320.4/حسي |
| 100 | 1 | _aالحسين بن طلال ، ملك الأردن ، 1952-1999، | |
| 245 | 1 | 0 |
_aالحسين في سبيل العرب : _bخطب و أحاديث جلالة الحسين في الولايات المتحدة الأميريكية و كندا / |
| 264 | 1 |
_aعمان : _bدائرة المطبوعات و النشر، _c[19-]. |
|
| 300 | _a72ص | ||
| 650 | 1 | 7 | _aالخطب السياسية |
| 650 | 1 | 7 | _aالتاريخ |
| 650 | 1 | 7 | _aالأردن |
| 942 |
_2ddc _cBK |
||
| 999 |
_c1314 _d1314 |
||